| 000 | 01371ctm a22003011a 4500 | ||
|---|---|---|---|
| 003 | SA-RiAUC | ||
| 005 | 20250213082524.0 | ||
| 008 | 250209s1992 le g b 00010dara c | ||
| 040 |
_aIMAM _bara _cSA-RiAUC |
||
| 050 | 4 | _b.I2 1992 | |
| 082 | 0 | 4 |
_a257.4 _qSA-RiAUC |
| 090 |
_a257.4 _b ا ب ن ط |
||
| 100 | 1 |
_aابن طولون، محمد بن علي بن أحمد، _d880-953 هجري. |
|
| 245 | 1 | 0 |
_aنقد الطالب لزغل المناصب / _cشمس الدين محمد بن طولون الصالحي الدمشقي ؛ حققه محمد أحمد دهمان، خالد محمد دهمان ؛ راجعه نزار أباظة. |
| 250 | _aط. 1. | ||
| 260 |
_aبيروت : _bدار الفكر المعاصر، _c1992 |
||
| 300 |
_a211 ص. ؛ _c24 سم. |
||
| 490 | 0 | _aمطبوعات مركز جمعة الماجد للثقافة والتراث | |
| 500 | _aكشافات : ص. 201-206. | ||
| 502 | _aيشتمل على إرجاعات ببليوجرافية. | ||
| 504 | _aببليوجرافية : ص. 197-200. | ||
| 650 | 7 |
_aالنظام الإداري في الإسلام _2aucsh |
|
| 700 | 1 |
_aدهمان، محمد أحمد، _d1899-1988 _eمحقق. |
|
| 700 | 1 |
_aدهمان، خالد محمد _eمحقق. |
|
| 700 | 1 |
_aأباظة، نزار محمد، _d1946- _eمراجع. |
|
| 942 |
_2ddc _cBOOK _n0 |
||
| 949 |
_aSA-JeALM _d250209 _uosman123 _n1 |
||
| 999 |
_c5891 _d5891 |
||